Research Anthology on Strategies for Achieving Agricultural Sustainability / (Record no. 52443)

MARC details
000 -LEADER
fixed length control field 00673nam a22002177a 4500
003 - CONTROL NUMBER IDENTIFIER
control field OSt
008 - FIXED-LENGTH DATA ELEMENTS--GENERAL INFORMATION
fixed length control field 260629b |||||||| |||| 00| 0 eng d
020 ## - INTERNATIONAL STANDARD BOOK NUMBER
International Standard Book Number 9781668456705
082 ## - DEWEY DECIMAL CLASSIFICATION NUMBER
Classification number 338.1
Item number I43R
100 ## - MAIN ENTRY--PERSONAL NAME
Personal name IRMA
245 ## - TITLE STATEMENT
Title Research Anthology on Strategies for Achieving Agricultural Sustainability /
Statement of responsibility, etc. by Information Resources Management Association; Volume - l
260 ## - PUBLICATION, DISTRIBUTION, ETC. (IMPRINT)
Place of publication, distribution, etc .- USA
Name of publisher, distributor, etc : IGI Global
Date of publication, distribution, etc , 2022
300 ## - PHYSICAL DESCRIPTION
Extent xxii,453p.
365 ## - TRADE PRICE
Price note 3 volume set- 131712.75
650 ## - SUBJECT ADDED ENTRY--TOPICAL TERM
Topical term or geographic name as entry element Social Sciences
650 ## - SUBJECT ADDED ENTRY--TOPICAL TERM
Topical term or geographic name as entry element Economics
650 ## - SUBJECT ADDED ENTRY--TOPICAL TERM
Topical term or geographic name as entry element Agricultural Innovations
650 ## - SUBJECT ADDED ENTRY--TOPICAL TERM
Topical term or geographic name as entry element Sustainable Agriculture
650 ## - SUBJECT ADDED ENTRY--TOPICAL TERM
Topical term or geographic name as entry element Sustainable Development
942 ## - ADDED ENTRY ELEMENTS (KOHA)
Source of classification or shelving scheme
Koha item type Books
Holdings
Withdrawn status Lost status Source of classification or shelving scheme Damaged status Not for loan Home library Current library Date acquired Source of acquisition Cost, normal purchase price Full call number Barcode Date last seen Bill Date Koha item type Bill Number
          Dr. Rajendra Prasad Central Agricultural University Pusa, Dr. Rajendra Prasad Central Agricultural University Pusa, 29/06/2026 TTPP, New Delhi 43904.00 338.1 I43R 87652 29/06/2026 29/01/2026 Books IN-00449
Hosted, Implemented, Customized & Maintained by: BestBookBuddies

Powered by Koha